Statistics for Olly's General Knowledge Quiz 2

Click here to take the quiz!

General Stats

  • This quiz has been taken 38 times
  • The average score is 7 of 15

Answer Stats

HintAnswer% Correct
'Labrador' is a region in which Western country?Canada
86%
What is the medical term for a disease that has spread throughout the world?Pandemic
77%
What does the 'T' in 'LGBT' stand for?Transgender
77%
In 1979 fifty-two Americans were held captive in an embassy for 444 days. In what country was that embassy?Iran
71%
What form of mythology do 'Thor' and 'Loki' come from?Norse
66%
Hexakosioihexekontahexaphobia is the fear of what number?666
51%
Which popular animated series bore the tagline 'Gotta Catch 'Em All'?Pokemon
51%
'Novichok' was a nerve agent developed by which country during the Cold War?Soviet Union
49%
What does 'PhD' stand for?Doctor of Philosophy
34%
Who did Sparta fight at the battle of Thermopylae?Persia
31%
Which West-Asian country produces the most Uranium of any nation in the world?Kazakhstan
29%
Epistemology is the philosophical study of what abstract concept?Knowledge
17%
'Cthulu' is a fictional character created by which American horror author?H.P. Lovecraft
14%
Kevin Parker writes and performs for which Perth-based psychedelic rock outfit?Tame Impala
9%
Martin Sorensen was the Australasian champion of what activity in the 1990s?Debating
6%

Score Distribution

Percentile by Number Answered

Percent of People with Each Score

Your Score History

You have not taken this quiz